000 00380nam a2200145Ia 4500
008 210210b1971 xxu||||| |||| 00| 0 eng d
082 _a541.37 SHAE
100 _aSHARMA (Brijesh Kishore).
245 _aElectro chemistry.
260 _aMeerut
_bGoel Publishing house
_c1971
300 _axii,312
650 _aElectro chemistry
690 _aPhysical Chemistry
906 _a030165
999 _c81355
_d81355